| 000 | 01008nam a2200253Ia 4500 | ||
|---|---|---|---|
| 003 | Ost | ||
| 005 | 20260507075109.0 | ||
| 008 | 260507s9999||||xx |||||||||||||| ||und|| | ||
| 020 | _a71284029957 | ||
| 040 | _cfsecg | ||
| 041 | _aara | ||
| 082 | _a330 | ||
| 100 |
_aحمود خضير، كاظم _eمؤلف |
||
| 245 | 0 |
_aادارة الموارد / _c كاظم حمود خضير |
|
| 260 |
_aعمان: _bدار صفاء للنشر والتوزيع, _c2001 |
||
| 300 |
_a212 صفحة؛ _c24 سم |
||
| 520 | _aالمفاهيم الاساسية لادارة الشراء 2- الاصول العلمية لادارة الشراء تخطيط الشراء 3- تنفيذ الشراء 4-تقييم الشراء 5- تخطيط المخزون 6- اجراءات التخزين 7- الرقابة على المخزون . | ||
| 653 | _aادارة | ||
| 653 | _aإدارة الاعمال | ||
| 653 | _aادارة الشراء | ||
| 653 | _aادارة المواد | ||
| 653 | _aموارد | ||
| 942 | _cكتاب | ||
| 999 |
_c42853 _d42853 |
||